000 00661nam a2200217Ii 4500
003 JO-AjNU
008 230606s9999||||xx |||||||||||||| ||und||
020 _a978-0-19-44-22-58-1
040 _aJO-AjNU
_beng
_erda
_cJO-AjNU
041 _aeng
050 1 4 _aP129.D67 2007
100 3 _aDornyei,Zoltan تأليف,
_eauthor
_91551
245 0 0 _aResearch Methods In Applied Linguistics
250 _a1 ed
264 3 1 _aNew York:Oxford University Press,2007
300 _a336p
336 _atext
_btxt
_2rdacontent
337 _aunmediated
_bn
_2rdamedia
338 _avolume
_bnc
_2rdacarrier
650 4 _aResearch Methods In Applied Linguistics-Linguistics
_91552
999 _aE815
_c815
_d815